Meilleurs buteurs de ligue 1 par saison - Statistiques

Statistiques générales
  • Ce quiz a été pris 262 fois
  • Le résultat moyen est 13 sur 21
Statistiques - réponses
Saison Joueur % Correct
18-19 Mbappé
99%
19-20 Mbappé
99%
20-21 Mbappé
99%
21-22 Mbappé
99%
12-13 Ibrahimovic
88%
13-14 Ibrahimovic
88%
15-16 Ibrahimovic
88%
16-17 Cavani
86%
17-18 Cavani
86%
14-15 Lacazette
74%
11-12 Giroud
63%
07-08 Benzema
54%
05-06 Pauleta
45%
06-07 Pauleta
45%
08-09 Gignac
37%
09-10 Niang
32%
01-02 Cissé
26%
03-04 Cissé
26%
10-11 Sow
24%
04-05 Frei
11%
02-03 Nonda
8%
Aucun quiz correspondant
Distribution des résultats
% des personnes avec chaque résultat
Percentile par nombre de réponses
Votre historique - résultats
Vous n’avez pas pris ce quiz